| 000 | 00741 a2200217 4500 | ||
|---|---|---|---|
| 003 | Nust | ||
| 005 | 20230406094050.0 | ||
| 010 | _a68096098 | ||
| 020 | _a9780195771145 | ||
| 040 | _cNust | ||
| 082 | _a954.9,SAY | ||
| 100 |
_aSayeed, Khalid B. _916627 |
||
| 245 |
_aPakistan: _bThe formative phase, 1857-1948 / _cKhalid B. Sayeed; with a foreword by George Cunningham |
||
| 250 | _a2nd ed | ||
| 260 |
_aLondon, New York [etc.] _bOxford University Press _c1998 |
||
| 300 |
_aix, 341 p _b23 cm |
||
| 505 | _aPART-1: Origins of Pakistan (Page-3), PART-2: Continuation of the Vice regal System in Pakistan 1947-8 (Page-223). | ||
| 600 |
_aSayeed, Khalid B. _916627 |
||
| 650 |
_aPakistan Formative _9111752 |
||
| 942 |
_2ddc _cBK _k954.9,SAY |
||
| 999 |
_c187080 _d187080 |
||